Streamline English. Departures Workbook A,B,An intensive English course for beginner. An intensive English course for pre-intermediante students. An intensice English course for intermediante students /
Saved in:
| Main Authors: | , |
|---|---|
| Format: | Book |
| Language: | English |
| Published: |
Oxford :
The University Press,
1991
|
| Tags: |
No Tags, Be the first to tag this record!
|
MARC
| LEADER | 00000nam a22000003a 4500 | ||
|---|---|---|---|
| 001 | stu31996 | ||
| 005 | 20150617225732.2 | ||
| 008 | 950222s1991----uk------------------eng-d | ||
| 040 | |a STU |b slo | ||
| 041 | 0 | |a eng | |
| 044 | |a uk | ||
| 080 | |a 802.0 | ||
| 100 | 1 | |a Viney, Peter |4 aut | |
| 245 | 1 | |a Streamline English. Departures Workbook A,B,An intensive English course for beginner. An intensive English course for pre-intermediante students. An intensice English course for intermediante students / |c [aut.] Hartley,Bernard; Viney,Peter | |
| 260 | |a Oxford : |b The University Press, |c 1991 | ||
| 300 | |a 80 s | ||
| 700 | 1 | |a Hartley, Bernard |4 aut | |
| 996 | |b J88196 |c J*88196 |l JJSK |s A |a 24 |w stu31996_0001 | ||
| 996 | |b J88197 |c J*88197 |l JJSK |s A |a 24 |w stu31996_0002 | ||
| 996 | |b J88198 |c J*88198 |l JJSK |s A |a 24 |w stu31996_0003 | ||
| 996 | |b J88173 |c J*88173 |l JJSK |s A |a 24 |w stu31996_0004 | ||
| 996 | |b J88174 |c J*88174 |l JJSK |s A |a 24 |w stu31996_0005 | ||
| 996 | |b J88175 |c J*88175 |l JJSK |s A |a 24 |w stu31996_0006 | ||
| 996 | |b J88176 |c J*88176 |l JJSK |s A |a 24 |w stu31996_0007 | ||
| 996 | |b J88177 |c J*88177 |l JJSK |s A |a 24 |w stu31996_0008 | ||
| 996 | |b J88178 |c J*88178 |l JJSK |s A |a 24 |w stu31996_0009 | ||
| 996 | |b J88179 |c J*88179 |l JJSK |s A |a 24 |w stu31996_0010 | ||
| 996 | |b J88180 |c J*88180 |l JJSK |s A |a 24 |w stu31996_0011 | ||
| 996 | |b J88181 |c J*88181 |l JJSK |s A |a 24 |w stu31996_0012 | ||
| 996 | |b J88182 |c J*88182 |l JJSK |s A |a 24 |w stu31996_0013 | ||
| 996 | |b J88183 |c J*88183 |l JJSK |s A |a 24 |w stu31996_0014 | ||
| 996 | |b J88184 |c J*88184 |l JJSK |s A |a 24 |w stu31996_0015 | ||
| 996 | |b J88185 |c J*88185 |l JJSK |s A |a 24 |w stu31996_0016 | ||
| 996 | |b J88186 |c J*88186 |l JJSK |s A |a 24 |w stu31996_0017 | ||
| 996 | |b J88187 |c J*88187 |l JJSK |s A |a 24 |w stu31996_0018 | ||
| 996 | |b J88188 |c J*88188 |l JJSK |s A |a 24 |w stu31996_0019 | ||
| 996 | |b J88189 |c J*88189 |l JJSK |s A |a 24 |w stu31996_0020 | ||
| 996 | |b J88190 |c J*88190 |l JJSK |s A |a 24 |w stu31996_0021 | ||
| 996 | |b J88191 |c J*88191 |l JJSK |s A |a 24 |w stu31996_0022 | ||
| 996 | |b J88192 |c J*88192 |l JJSK |s A |a 24 |w stu31996_0023 | ||
| 996 | |b J88193 |c J*88193 |l JJSK |s A |a 24 |w stu31996_0024 | ||
| 996 | |b J88194 |c J*88194 |l JJSK |s A |a 24 |w stu31996_0025 | ||
| 996 | |b J88195 |c J*88195 |l JJSK |s A |a 24 |w stu31996_0026 | ||
| 996 | |b J88199 |c J*88199 |l JJSK |s A |a 24 |w stu31996_0027 | ||